Oxford phrasal verbs dictionary for learners of English
Gespeichert in:
| Format: | Buch |
|---|---|
| Sprache: | Englisch |
| Veröffentlicht: |
Oxford
Oxford University Press
2006
|
| Ausgabe: | 2nd ed. |
| Schlagworte: | |
| Tags: |
Keine Tags, Fügen Sie das erste Tag hinzu!
|
MARC
| LEADER | 00000nam a2200000 4500 | ||
|---|---|---|---|
| 001 | 0191468 | ||
| 005 | 20240229081246.9 | ||
| 020 | |a 978-0-19-431721-4 | ||
| 041 | 0 | |a eng | |
| 044 | |a GB | ||
| 245 | 1 | 0 | |a Oxford phrasal verbs dictionary for learners of English |
| 250 | |a 2nd ed. | ||
| 264 | 1 | |a Oxford |b Oxford University Press |c 2006 | |
| 300 | |a 398 s. | ||
| 610 | 2 | 0 | |a jazykoveda |
| 610 | 2 | 0 | |a terminológia |
| 610 | 2 | 0 | |a frazeológia |
| 610 | 2 | 0 | |a pojmy |
| 610 | 2 | 0 | |a angličtina |